Statistics for Google, Why Is [Country] So ____? Suggestion Quiz #2

Click here to take the quiz!

General Stats

  • This quiz has been taken 111 times
  • The average score is 17 of 28

Answer Stats

HintAnswer% Correct
Why is Angola so ____?Poor
87%
Why is Bangladesh so ____?Poor
87%
Why is Peru so ____?Poor
87%
Why is the Philippines so ____?Poor
87%
Why is Ethiopia so ____?Poor
87%
Why is Greece so ____?Poor
87%
Why is the Bahamas so ____?Poor
87%
Why is Portugal so ____?Poor
87%
Why is Spain so ____?Poor
87%
Why is Liberia so ____?Poor
87%
Why is Madagascar so ____?Poor
87%
Why is Tanzania so ____?Poor
87%
Why is Ukraine so ____?Poor
87%
Why is Belgium so ____?Rich
82%
Why is Singapore so ____?Rich
82%
Why is Taiwan so ____?Rich
82%
Why is Vatican City so ____?Small
75%
Why is Canada so ____?Nice
42%
Why is Switzerland so ____?Expensive
35%
Why is the Netherlands so ____?Liberal
24%
Why is Venezuela so ____?Bad
22%
Why is Somalia so ____?Bad
22%
Why is Iceland so ____?Popular
20%
Why is Iraq so ____?Violent
19%
Why is Colombia so ____?Violent
19%
Why is Poland so ____?Conservative
11%
Why is Argentina so ____?White
9%
Why is Libya so ____?Lawless
3%

Score Distribution

Percentile by Number Answered

Percent of People with Each Score

Your Score History

You have not taken this quiz